Úspěšnost endoskopického stavění krvácení do trávicího ústrojí pomocí klipů

Podrobná bibliografia
Hlavní autori: Hrdlička, L. (Autor), Drábek, J. (Autor), Lochmannová, J. (Autor), Tyburec, J. (Autor), Keil, R. (Autor), Burešová, M. (Autor)
Médium: Článok
Jazyk:čeština

MARC

LEADER 00000nab a2200000uu 4500
001 vtls011491050
003 SK-MaSNL
005 20260303132619.0
008 230218|2002 xo |||||||||||||||||cze|
015 |a SNBRB 
035 |a (urnnbn)urn:nbn:sk:snk:ar-007ln0 
035 |a (uuid)e7c73b4f-4a75-4cfc-8c1a-5b4de2c9623c 
035 |a urn:nbn:sk:snk-abdg40 
040 |a SNKBUCL  |b slo  |c SNKBUCL  |e AACR2 
041 0 |a cze 
044 |a xo  |c SK 
100 1 |a Hrdlička, L.  |4 aut  |9 1134041 
245 1 0 |a Úspěšnost endoskopického stavění krvácení do trávicího ústrojí pomocí klipů  |c M. Burešová, Keil R., J. Drábek, J. Lochmannová, J. Tyburec, Hrdlička L. 
700 1 |a Drábek, J.  |4 aut  |9 898257 
700 1 |a Lochmannová, J.  |4 aut  |9 998010 
700 1 |a Tyburec, J.  |4 aut  |9 908131 
700 1 |a Keil, R.  |4 aut  |9 786172 
700 1 |a Burešová, M.  |4 aut  |9 1134042 
773 0 |t Česká a slovenská gastroenterologie a hepatologie : časopis České gastroenterologické a Hepatologické společnosti a Slovenskej gastroenterologickej a Slovenskej hepatologickej spoločnosti  |g Roč. 56, č. 6 (2002), s. 225-229 
954 |a odborná, vedecká literatúra cudzojazyčná (svetová)  |2 lita 
958 |a OND 
958 |a EUIPO 
958 |a article18 
999 |c 1952297  |d 1954227